000
00216nam a22000977a 4500
999
_c
15889
_d
15889
003
OSt
008
191023b ||||| |||| 00| 0 eng d
100
_a
Wells,H G.
_9
4379
245
_a
The out line of History
942
_c
BK